Départements français par numéro - Click Quiz - Statistiques

Statistiques générales
  • Ce quiz a été pris 29 fois
  • Le résultat moyen est 48 sur 101
Statistiques - réponses
Hint Réponse % Correct
75 Paris
78%
80 Somme
78%
40 Landes
74%
1 Ain
65%
39 Jura
61%
2 Aisne
57%
3 Allier
57%
971 Guadeloupe
57%
47 Lot-et-Garonne
57%
50 Manche
57%
972 Martinique
57%
59 Nord
57%
6 Alpes maritimes
52%
7 Ardèche
52%
8 Ardennes
52%
13 Bouches-du-Rhône
52%
17 Charente maritime
52%
19 Corrèze
52%
24 Dordogne
52%
25 Doubs
52%
33 Gironde
52%
35 Ille-et-Villaine
52%
57 Moselle
52%
61 Orne
52%
69 Rhône
52%
84 Vaucluse
52%
4 Alpes-de-Hautes-Provences
48%
10 Aube
48%
11 Aude
48%
12 Aveyron
48%
14 Calvados
48%
15 Cantal
48%
16 Charente
48%
18 Cher
48%
22 Côte d’Armor
48%
21 Côte d’Or
48%
26 Drôme
48%
28 Eure-et-Loire
48%
2B Haute Corse
48%
74 Haute-Savoie
48%
92 Hauts-de-Seine
48%
34 Hérault
48%
37 Indre-et-Loire
48%
44 Loire atlantique
48%
49 Maine et Loire
48%
51 Marne
48%
56 Morbihan
48%
58 Nièvre
48%
93 Seine-Saint-Denis
48%
81 Tarn
48%
85 Vendée
48%
86 Vienne
48%
88 Vosges
48%
9 Ariège
43%
2A Corse-du-sud
43%
23 Creuse
43%
79 Deux-Sèvres
43%
29 Finistère
43%
30 Gard
43%
32 Gers
43%
973 Guyane
43%
65 Hautes-Pyrénées
43%
36 Indre
43%
38 Isère
43%
974 La Réunion
43%
48 Lozère
43%
53 Mayenne
43%
976 Mayotte
43%
54 Meurthe-et-Moselle
43%
55 Meuse
43%
60 Oise
43%
62 Pas-de-Calais
43%
63 Puy-de-Dôme
43%
66 Pyrénées orientales
43%
72 Sarthe
43%
73 Savoie
43%
76 Seine maritime
43%
82 Tarn-et-Garonne
43%
90 Teritoire-de-Belfort
43%
94 Val de Marne
43%
95 Val d’Oise
43%
83 Var
43%
89 Yonne
43%
67 Bas-Rhin
39%
27 Eure
39%
52 Haute Marne
39%
5 Hautes-Alpes
39%
70 Haute-Saône
39%
87 Haute-Vienne
39%
68 Haut-Rhin
39%
42 Loire
39%
41 Loire-et-Cher
39%
45 Loiret
39%
64 Pyrénées atlantiques
39%
77 Seine-et-Marne
39%
78 Yvelines
39%
91 Essone
35%
31 Haute Garonne
35%
43 Haute Loire
35%
46 Lot
35%
71 Saône-et-Loire
30%
Aucun quiz correspondant
Distribution des résultats
% des personnes avec chaque résultat
Percentile par nombre de réponses
Votre historique - résultats
Vous n’avez pas pris ce quiz